000 00514nam a22001817a 4500
999 _c12329
_d12329
008 230104b ||||| |||| 00| 0 eng d
020 _a9788131808153
082 _a620.106
_bBAN
100 _aBansal R. K.
245 _aA textbook of fluid mechanics and hydraulic machines
250 _a9th ed.
260 _aNew Delhi
_bLaxmi Publications
_c2017
300 _axxvi, 1102p.
650 _aProperties of Fluids
650 _aPressure and Measurement
650 _aHydrostatic Forces on Surfaces
942 _cGB